Of revelation and revolution. (Record no. 17029)
[ view plain ]
| 000 -LEADER | |
|---|---|
| fixed length control field | 01373nam a2200325Ia 4500 |
| 100 1# - MAIN ENTRY--AUTHOR NAME | |
| Personal name | Comaroff, Jean. |
| 245 10 - TITLE STATEMENT | |
| Title | Of revelation and revolution. |
| 260 ## - PUBLICATION, DISTRIBUTION, ETC. (IMPRINT) | |
| Place of publication | Chicago ; |
| -- | London : |
| Name of publisher | University of Chicago Press, |
| Year of publication | 1997. |
| 300 ## - PHYSICAL DESCRIPTION | |
| Number of Pages | xxiii, 588 p. : |
| Other physical details | ill., maps. |
| 700 1# - ADDED ENTRY--PERSONAL NAME | |
| Personal name | Comaroff, John L., |
| 856 40 - ELECTRONIC LOCATION AND ACCESS | |
| Uniform Resource Identifier | http://site.ebrary.com/lib/rucke/Doc?id=10286144 |
No items available.
